000 01316nam a22001697a 4500
041 _aukr
080 _a81
090 _bФАБ
100 _aФабіан М.П.
245 _aСучасні дослідження з іноземної філології. Збірник наукових праць. Випуск 4.
260 _aУжгород
_bУжгородський національний університет
_c2006
300 _a572
440 _v4
520 _aЗбірник містить науковий доробок викладачів та аспірантів Ужгородського національного унуверситету, інших вузів України, близького та далекого зарубіжжя. У наукових збірниках представлено сучасні дослідження з іноземної філології в галузях мовознавства, літературознавства і методики викладання англійської, німецької та французької мов у середніх та вищих навчальних закладах.
_0мовознавство, літературознавство, методика
650 _aLanguage Studies
999 _c284351
_d284351
942 _cBK